MARC details
| 000 -LEADER |
| fixed length control field |
01571cam a2200385 a 4500 |
| 001 - CONTROL NUMBER |
| control field |
z9mscp b4196046 |
| 003 - CONTROL NUMBER IDENTIFIER |
| control field |
OCoLC |
| 005 - DATE AND TIME OF LATEST TRANSACTION |
| control field |
20171023151549.0 |
| 008 - FIXED-LENGTH DATA ELEMENTS--GENERAL INFORMATION |
| fixed length control field |
961011s1996 nyua j 000 1 spa d |
| 020 ## - INTERNATIONAL STANDARD BOOK NUMBER |
| International Standard Book Number |
9780590945196 (pbk.) |
| 020 ## - INTERNATIONAL STANDARD BOOK NUMBER |
| International Standard Book Number |
059094519X (pbk.) |
| 024 30 - OTHER STANDARD IDENTIFIER |
| Standard number or code |
780590945196 |
| 040 ## - CATALOGING SOURCE |
| Original cataloging agency |
CCSM6.0.0 |
| Language of cataloging |
eng |
| Transcribing agency |
CCSM6.0.0 |
| Modifying agency |
OCL |
| 041 1# - LANGUAGE CODE |
| Language code of text/sound track or separate title |
spa |
| Language code of original |
eng |
| 099 ## - LOCAL FREE-TEXT CALL NUMBER (OCLC) |
| Classification number |
Spanish |
| -- |
j |
| -- |
599.4 |
| -- |
C689 |
| -- |
au |
| 100 1# - MAIN ENTRY--PERSONAL NAME |
| Personal name |
Cole, Joanna. |
| Authority record control number |
http://id.loc.gov/authorities/names/n80010098. |
| 240 10 - UNIFORM TITLE |
| Uniform title |
<a href="Scholastic's The magic school bus going batty.">Scholastic's The magic school bus going batty.</a> |
| Language of a work |
Spanish. |
| 245 13 - TITLE STATEMENT |
| Title |
El autobus magico vuelo nocturno |
| Remainder of title |
un libro sobre murcielagos ; [por Joanna Cole] ; ilustrado pro Bob Ostrom. |
| 246 30 - VARYING FORM OF TITLE |
| Title proper/short title |
Autobus magico vuelo nocturno. |
| 260 ## - PUBLICATION, DISTRIBUTION, ETC. (IMPRINT) |
| Place of publication, distribution, etc. |
New York : |
| Name of publisher, distributor, etc. |
Scholastic, |
| Date of publication, distribution, etc. |
1996. |
| 264 #1 - PRODUCTION, PUBLICATION, DISTRIBUTION, MANUFACTURE, AND COPYRIGHT NOTICE |
| Place of production, publication, distribution, manufacture |
New York : |
| Name of producer, publisher, distributor, manufacturer |
Scholastic, |
| Date of production, publication, distribution, manufacture, or copyright notice |
1996. |
| 300 ## - PHYSICAL DESCRIPTION |
| Extent |
1 volume : |
| Other physical details |
color illustrations ; |
| Dimensions |
21 cm. |
| 336 ## - CONTENT TYPE |
| Content type term |
text |
| Content type code |
txt |
| Source |
rdacontent. |
| 337 ## - MEDIA TYPE |
| Media type term |
unmediated |
| Media type code |
n |
| Source |
rdamedia. |
| 338 ## - CARRIER TYPE |
| Carrier type term |
volume |
| Carrier type code |
nc |
| Source |
rdacarrier. |
| 385 ## - AUDIENCE CHARACTERISTICS |
| Demographic group code |
age |
| Audience term |
Children |
| Source |
lcdgt. |
| 490 1# - SERIES STATEMENT |
| Series statement |
Mariposa. |
| 500 ## - GENERAL NOTE |
| General note |
Translation of: Scholastic's The magic school bus going batty. |
| 650 #0 - SUBJECT ADDED ENTRY--TOPICAL TERM |
| Topical term or geographic name as entry element |
Bats |
| Form subdivision |
Juvenile literature. |
| Authority record control number |
http://id.loc.gov/authorities/subjects/sh2007101919. |
| 700 1# - ADDED ENTRY--PERSONAL NAME |
| Personal name |
Ostrom, Bob. |
| Authority record control number |
http://id.loc.gov/authorities/names/n95121108. |
| 730 0# - ADDED ENTRY--UNIFORM TITLE |
| Uniform title |
Magic school bus (Television program). |
| Authority record control number |
http://id.loc.gov/authorities/names/n98110594 |
| Language of a work |
Spanish. |
| 752 ## - ADDED ENTRY--HIERARCHICAL PLACE NAME |
| Country or larger entity |
pa-s 7/01. |
| 830 #0 - SERIES ADDED ENTRY--UNIFORM TITLE |
| Uniform title |
Mariposa, Scholastic en espanol. |
| Authority record control number |
http://id.loc.gov/authorities/names/n97098638. |
| 942 ## - ADDED ENTRY ELEMENTS (KOHA) |
| Source of classification or shelving scheme |
Dewey Decimal Classification |
| Koha item type |
Libro/Book |